000 01480nam a2200325 a 4500
003 OSt
005 20240223094709.0
007 cr ||||||a|c|a
008 231208s2020 mx a|||fom||| 001 0 spa d
040 _erda
100 1 _9188432
_aBalam Serrano, Darwin Jesús
245 1 0 _aEfecto de azufre para el control de Frankliniella occidentalis y cobre para alternaria sp. en jitomate bajo condiciones de invernadero /
_cpor Darwin Jesús Balam Serrano y Fausto Higinio Serrano Briceño; director de tesis Raúl Jacinto Mata.
264 1 _aChapingo, México :
_bEl autor,
_c2020.
300 _a1 recurso en línea (86 páginas):
_bcuadros, figuras.
336 _2rdacontent
_atexto
_btxt
337 _2rdamedia
_acomputadora
_bc
338 _2rdacarrier
_arecurso en línea
_bcr
502 _bIAEPA
_cParasitología
_d2020.
504 _aIncluye referencias bibliográficas: páginas 52-56.
650 4 _9113713
_aTomate
_xEnfermedades por hongos
650 4 _9134810
_aTomáte
_xEnfermedades por ácaros
650 4 _9174744
_aAlternaria
_x Identificación
650 4 _9188435
_aFrankiniella occidentalis
_xControl
650 4 _9140295
_aInsecticidas
_x Análisis
650 4 _944045
_aFungicidas
_xAnálisis
700 1 _9188433
_aSerrano Briceño, Fausto Higinio
700 1 _960786
_aJacinto Mata, Raúl
_eDirector de tesis.
856 _uhttp://10.13.5.2/tesis/tl/Balam_Serrano_Darwin_Jesus.pdf
_zDESCARGAR PDF
942 _2Clasificación Universidad Autónoma Chapingo
_cTD
999 _c219508
_d219508